00700nam a2200193Ia 4500003000400000005001700004008004100021020001800062040001800080041000800098082002500106245019500131250001200326260005000338300002800388650005300416650001000469700002700479OSt20250106104021.0210716s2010 xx 000 0 und d a9788184870831 cAIMIT LIBRARY aeng a001.072006321bBHAP aPrinciples construction and application of multilingual wordnets : bproceeding of the 5th global wordnet conference /cEdited by Pushpak Bhattacharyya, Christiane Fellbaum and Piek Vossen. a1st ed. aNew Delhi :bNarosa Publishing House ,c2010. axi,364p. ;bHBc29.5 cm aWhy wikipedia needs to make friends with wordnet aVerbs aBhattacharyya, Pushpak